• 首页
  • 本馆介绍
  • 公告通知
  • 最新文献
  • 馆藏检索
  • 电子资源
  • 读者导购
  • 参考咨询
  • 我的图书馆
  • 登录
  • 详细信息显示
  • 放入我的书架
  • 预约/预借图书
  • 作者相关作品
  • 分类相关作品
  • 丛书相关作品
  • 出版社相关作品

书目信息

  • 表格格式
  • 工作单格式
  • 卡片格式
题名:
战败之夏
    
 
作者: 猪濑直树 著 ;郭勇 译
分册:  
出版信息: 南昌   江西人民出版社  2015
页数: 255页
开本: 20cm
丛书名:
单 册:
中图分类: K313.5
科图分类:
主题词:
电子资源:
ISBN: 978-7-210-07089-4
000 00801nam0 22002411 450
001 0120082227
005 20170320082227.0
010    @a978-7-210-07089-4@dCNY35.80
100    @a20150920d2015 em y0chiy50 ea
101 1  @achi
102    @aCN@b360000
105    @ay z 000yy
106    @ar
200 1  @a战败之夏@9zhan bai zhi xia@f猪濑直树著@g郭勇译
210    @a南昌@c江西人民出版社@d2015
215    @a255页@d20cm
330    @a本书还原了日本在太平洋战争爆发前和东京审判的两段历史。主要内容包括:从四面八方来、入所仪式、黑夜开始笼罩大地、漫长的“序章”、最初的三个月等。
607    @a日本@Ari ben@x现代史@x研究
690    @aK313.5@v5
701  0 @a猪濑直树@9zhu lai zhi shu@f(1946-)@4著
702  0 @a郭勇@9guo yong@4译
801  0 @aCN@bTANGWEI@c20170308
905    @b0957213-5@dK313.5@e56@f3
    
    战败之夏/猪濑直树著/郭勇译.-南昌:江西人民出版社,2015
    255页;20cm
    
    
    ISBN 978-7-210-07089-4:CNY35.80
    本书还原了日本在太平洋战争爆发前和东京审判的两段历史。主要内容包括:从四面八方来、入所仪式、黑夜开始笼罩大地、漫长的“序章”、最初的三个月等。
●
相关链接 在E读中查询图书 在五车中查询图书 在当当中查询图书 在豆瓣中查询图书


正题名:战败之夏     索取号:K313.5/56         预约/预借

序号 登录号 条形码 馆藏地/架位号 状态 备注
1 0957213   209572130   第二样本阅览室/ [索取号:K313.5/56] 在馆    
2 0957214   209572149   第二借阅区/ [索取号:K313.5/56] 在馆    
3 0957215   209572158   第二借阅区/ [索取号:K313.5/56] 在馆    
唐山师范学院图书馆 欢迎您!
大连网信软件有限公司© 版权所有